| 000 | 00609nam a22001937a 4500 | ||
|---|---|---|---|
| 999 |
_c7113 _d7113 |
||
| 003 | OSt | ||
| 005 | 20210903131440.0 | ||
| 008 | 210903b ||||| |||| 00| 0 eng d | ||
| 020 | _a0521655390 | ||
| 040 | _cDDC | ||
| 082 | _a578HOU1998 | ||
| 100 |
_aHouston,Alasdair I.; McNamara,John M. _914655 |
||
| 245 |
_aModels of Adaptive Behaviour _bAn approach based on state _cEdited by Houston,Alasdair I. and McNamara,John M. |
||
| 260 |
_aUK _bCambridge University Press _c1998 |
||
| 300 |
_aviii,378p; _bill _c23cm |
||
| 504 | _aIncludes; references and index. | ||
| 650 |
_aBiology _95602 |
||
| 942 |
_2ddc _cO_SHELF |
||